000 00561nam a2200229Ia 4500
005 20241129120043.0
008 241129s9999||||xx |||||||||||||| ||und||
020 _a9783111078458
037 _aTB
040 _aSDCL
_beng
_cSDCL
041 _aeng
_2eng
084 _aB26, R3
_qSDCL
100 _aSimls Aron
_9729020
245 0 _aCommutative Algebra
250 _a2nd
260 _aBerlin
_bDe Gruyter
_c2023
300 _axix,349p.
365 _aEUR
_b69.95
650 _aMathematics
942 _cTB
_hB26, R3
999 _c1233147
_d1233147